90 days to the data mart

Αποθηκεύτηκε σε:
Λεπτομέρειες βιβλιογραφικής εγγραφής
Κύριος συγγραφέας: Simon, Alan R.
Μορφή: Βιβλίο
Γλώσσα:English
Δημοσίευση: New York : Wiley, c1998
Θέματα:
Ετικέτες: Προσθήκη ετικέτας
Δεν υπάρχουν, Καταχωρήστε ετικέτα πρώτοι!

MARC

LEADER 00000nam a2200000 i 4500
001 1/4344
008 000526s1998 eng d
020 |a 0471251941 
035 |l 10061151 
040 |a GR-MY-UA  |b gre  |e aacr 
041 0 |a eng 
082 0 |a 005.740684 
100 1 |a Simon, Alan R. 
245 1 0 |a 90 days to the data mart /  |c Alan Simon 
260 |a New York :   |b Wiley,   |c c1998 
300 |a xiv, 338 p.;  |b ill.;  |c 24 cm. 
504 |a Includes index 
650 0 0 |a Data marts. 
852 |a INST  |b SAMOS  |e 20000526  |h 005.740684 SIM  |p 005300015391  |q 005300015391  |t BK  |y 0 
901 |a BIBL3-2000-2 
909 |a Σ  |b 075068 
922 |a 3ΕΛΗ  |b 200003  |c ΤΠΕΣ/ΤΑΚΤ  |d ΠΑΠΑΣΩΤΗΡΙΟΥ 
970 |a ΠΟΥΡΝΑΡΑΣ  |b ΔΗΜΗΤΡΗΣ  |z 2000/05/26